Anale. Seria stiinte economice

Bibliographic Details
Corporate Author: Universitatea de Vest din Timișoara. Faculty of Economic Sciences and Law
Format: Electronic Serial
Language:Romanian, Moldovan
English
Published: Timisoara, Romania : Editura Eurostampa
Subjects:
Online Access:Full text available from Research Library: 01/01/2012 to 01/31/2017

MARC

LEADER 00000nas a2200000 a 4500
001 ssj0000328715
003 WaSeSS
005 20200512172242.0
006 m d
007 cr n
008 100415c20019999rm ar s 0 0rum c
010 |a  2011223376 
022 |a 1582-6333  |l 1582-2680  |y 1582-2680 
035 |a (WaSeSS)ssj0000328715 
040 |a FIE  |b eng  |c FIE  |d LHM  |d CLU  |d OCLCQ  |d OCLCF  |d BEDGE  |d CUS  |d OCLCO  |d OCLCQ  |d AU@  |d UAT  |d OCLCQ  |d WY@  |d OCLCQ  |d U3W  |d WaSeSS 
041 0 |a rum  |a eng 
042 |a pcc 
043 |a e-rm--- 
050 1 4 |a HC10 
245 0 0 |a Anale.  |p Seria stiinte economice  |h [electronic resource]. 
246 1 |i Some providers have title:  |a Annals.  |p Economic science Series 
246 1 |a Anale - Universitatea "Tibiscus" Timisoara. Economic science Series 
260 |a Timisoara, Romania :  |b Editura Eurostampa 
310 |a Annual 
362 1 |a Began in 2001? 
506 |a License restrictions may limit access. 
546 |a In Romanian and English. 
588 |a Description based on: Issue no. 8 (2007); title from journal home page (CEEOL, viewed Sept. 28, 2011). 
588 |a Latest issue consulted: Issue no. 16 (2010) (viewed Sept. 28, 2011). 
650 0 |a Economics  |v Periodicals. 
650 7 |a Science économique.  |2 eclas 
650 7 |a Economic history.  |2 fast  |0 (OCoLC)fst00901974 
650 7 |a Economics.  |2 fast  |0 (OCoLC)fst00902116 
651 0 |a Romania  |x Economic conditions  |v Periodicals. 
651 7 |a Roumanie.  |2 eclas 
651 7 |a Romania.  |2 fast  |0 (OCoLC)fst01205085 
655 0 |a Electronic journals. 
710 2 |a Universitatea de Vest din Timișoara.  |b Faculty of Economic Sciences and Law. 
776 0 8 |i Print version:  |t Anale. Seria stiinte economice  |x 1582-2680 
856 4 0 |z Full text available from Research Library: 01/01/2012 to 01/31/2017  |u https://search.proquest.com/publication/2029256